Probabilistic boolean networks : (رقم التسجيلة. 23418)
[ عرض عادي ]
| 000 -الفاتح | |
|---|---|
| حقل البيانات ثابتة الطول | 01850cam a22003974a 4500 |
| 001 - رقم الضبط | |
| رقم الضبط | 15882913 |
| 003 - محدد رقم الضبط | |
| رقم الضبط | OSt |
| 005 - وقت وتاريخ اخر تعامل مع التسجيلة | |
| رقم الضبط | 20150408114036.0 |
| 008 - عناصر البيانات ثابتة الطول - معلومات عامة | |
| حقل البيانات ثابتة الطول | 090825s2010 paua b 001 0 eng |
| 010 ## - رقم ضبط مكتبة الكونجرس | |
| رقم ضبط مكتبة الكونجرس | 2009034643 |
| 016 7# - رقم ضبط الوكاله الوطنية للضبط الببليوجرافي | |
| رقم ضبط التسجيلة | 101513817 |
| المصدر | DNLM |
| 020 ## - الرقم الدولى المعيارى للكتب | |
| الرقم الدولى المعيارى للكتاب | 9780898716924 |
| 020 ## - الرقم الدولى المعيارى للكتب | |
| الرقم الدولى المعيارى للكتاب | 0898716926 |
| 035 ## - رقم ضبط النظام | |
| رقم ضبط النظام | (OCoLC)ocn434319365 |
| 040 ## - مصدر الفهرسة | |
| وكالة الفهرسة الأصلية | DNLM/DLC |
| وكالة النسخ | DLC |
| وكالة التعديل | NLM |
| -- | YDXCP |
| -- | C#P |
| -- | BWX |
| -- | DLC |
| 042 ## - رمز التحقق | |
| رمز التحقق | pcc |
| 050 00 - رقم طلب مكتبة الكونجرس | |
| رقم التصنيف | QH450 |
| رقم المادة | .S56 2010 |
| 082 00 - رقم تصنيف ديوى العشرى | |
| رقم التصنيف | 572.865 |
| رقم الطبعة | 22 |
| 100 1# - المدخل الرئيسى - إسم شخصى | |
| الإسم الشخصى | Shmulevich, Ilya, |
| التواريخ المصاحبة للاسم | 1969- |
| 9 (RLIN) | 14491 |
| 245 10 - بيان العنوان | |
| العنوان | Probabilistic boolean networks : |
| بقية العنوان | the modeling and control of gene regulatory networks / |
| بيان المسئوليه,etc | Ilya Shmulevich, Edward R. Dougherty. |
| 260 ## - PUBLICATION, DISTRIBUTION, ETC. (IMPRINT) | |
| مكان الناشر او الموزع | Philadelphia : |
| اسم الناشر او الموزع | Society for Industrial and Applied Mathematics, |
| تاريخ النشر أو التوزيع | c2010. |
| 300 ## - الوصف المادى | |
| التعداد | xiii, 267 p. : |
| تفاصيل ماديه اخرى للوعاء | ill. ; |
| أبعاد الوعاء | 26 cm. |
| 504 ## - تبصرة ببليوجرافية | |
| تبصرة ببليوجرافية,الخ | Includes bibliographical references and index. |
| 505 0# - تبصرة محتويات-الفهرس | |
| تبصرة المحتويات المصاغة | Boolean networks -- Structure and dynamics of probabilistic boolean networks -- Inference of model structure -- Structural intervention -- External control -- Asynchronous networks. |
| 650 #0 - المدخل الاضافى بالموضوع-مصطلح موضوعى | |
| مصطلح موضوعي أو اسم جغرافي كعنصر مدخل | Genetic regulation |
| التقسيم الفرعي العام | Computer simulation. |
| 9 (RLIN) | 14492 |
| 650 12 - المدخل الاضافى بالموضوع-مصطلح موضوعى | |
| مصطلح موضوعي أو اسم جغرافي كعنصر مدخل | Gene Regulatory Networks. |
| 9 (RLIN) | 14493 |
| 650 22 - المدخل الاضافى بالموضوع-مصطلح موضوعى | |
| مصطلح موضوعي أو اسم جغرافي كعنصر مدخل | Models, Genetic. |
| 9 (RLIN) | 14494 |
| 650 22 - المدخل الاضافى بالموضوع-مصطلح موضوعى | |
| مصطلح موضوعي أو اسم جغرافي كعنصر مدخل | Models, Statistical. |
| 9 (RLIN) | 14495 |
| 700 1# - المدخل الاضافى - اسم شخصى | |
| الإسم الشخصى | Dougherty, Edward R. |
| 9 (RLIN) | 14496 |
| 710 2# - المدخل الاضافى - اسم هيئه | |
| اسم الهيئة أو اسم السلطة كمدخل | Society for Industrial and Applied Mathematics. |
| 9 (RLIN) | 14350 |
| 856 42 - الوصول و الموقع الالكترونى | |
| مواد محددة | Contributor biographical information |
| معرف المصدر الموحد | <a href="http://www.loc.gov/catdir/enhancements/fy1007/2009034643-b.html">http://www.loc.gov/catdir/enhancements/fy1007/2009034643-b.html</a> |
| 856 42 - الوصول و الموقع الالكترونى | |
| مواد محددة | Publisher description |
| معرف المصدر الموحد | <a href="http://www.loc.gov/catdir/enhancements/fy1007/2009034643-d.html">http://www.loc.gov/catdir/enhancements/fy1007/2009034643-d.html</a> |
| 856 41 - الوصول و الموقع الالكترونى | |
| مواد محددة | Table of contents only |
| معرف المصدر الموحد | <a href="http://www.loc.gov/catdir/enhancements/fy1007/2009034643-t.html">http://www.loc.gov/catdir/enhancements/fy1007/2009034643-t.html</a> |
| 942 ## - عناصر المدخل الإضافي( كوها) | |
| مصدر التصنيف او مخطط الترفيف | Dewey Decimal Classification |
| Koha [default] item type | كتاب |
| حالة الفقد | نموذج السعر الفعال | حالة تلف | ليس للاعارة | رقم الطلب | تاريخ الاكتساب | الموقع الحالي | الباركود | الفرع الرئيسي | Date last seen | نوع المادة فى نظام كوها | مصدر التصنيف او خطة الترفيف | Total Checkouts |
|---|---|---|---|---|---|---|---|---|---|---|---|---|
| 2013-03-10 | 572.865 S I P | 2012-06-03 | مكتبة كلية التربية بالزلفى - طالبات (EZF) | 00087236 | مكتبة كلية التربية بالزلفى - طالبات (EZF) | 2013-03-10 | كتاب | Dewey Decimal Classification | ||||
| 2013-03-10 | 572.865 S I P | 2012-06-03 | مكتبة كلية التربية بالزلفى - طالبات (EZF) | 00087237 | مكتبة كلية التربية بالزلفى - طالبات (EZF) | 2013-03-10 | كتاب | Dewey Decimal Classification | ||||
| 2013-03-10 | 572.865 S I P | 2012-06-04 | مكتبة كلية التمريض - طالبات (CNF) | 00088037 | مكتبة كلية التمريض - طالبات (CNF) | 2013-03-10 | كتاب | Dewey Decimal Classification | ||||
| 2013-03-10 | 572.865 S I P | 2012-06-04 | مكتبة كلية التمريض - طالبات (CNF) | 00088043 | مكتبة كلية التمريض - طالبات (CNF) | 2013-03-10 | كتاب | Dewey Decimal Classification | ||||
| 2013-03-10 | 572.865 S I P | 2012-05-20 | مكتبة مجمع الطالبات بالمجمعة (EMF) | 00087681 | مكتبة مجمع الطالبات بالمجمعة (EMF) | 2013-03-10 | كتاب | Dewey Decimal Classification | ||||
| 2013-03-10 | 572.865 S I P | 2012-05-20 | مكتبة مجمع الطالبات بالمجمعة (EMF) | 00087682 | مكتبة مجمع الطالبات بالمجمعة (EMF) | 2013-03-10 | كتاب | Dewey Decimal Classification | ||||
| 2013-03-10 | 572.865 S I P | 2012-05-31 | مكتبة مجمع الكليات بالزلفى - طلاب (SZM) | 00087833 | مكتبة مجمع الكليات بالزلفى - طلاب (SZM) | 2013-03-10 | كتاب | Dewey Decimal Classification | ||||
| 2013-03-10 | 572.865 S I P | 2012-05-31 | مكتبة مجمع الكليات بالزلفى - طلاب (SZM) | 00087834 | مكتبة مجمع الكليات بالزلفى - طلاب (SZM) | 2013-03-10 | كتاب | Dewey Decimal Classification |
